000 01096cam a2200289 a 4500
001 2959186
003 ARRUPE
005 20131203184338.0
008 910307s1991 cau b 001 0 eng
010 _a 91009957
020 _a1562790102 (pbk. : acidfree paper) :
_c$11.95
020 _a156279017X (acidfree paper) :
_c$24.95
040 _aDLC
_cDLC
_dDLC
050 0 0 _aJA75.8
_b.G74 1991
082 0 0 _a322.4/4
_220
245 0 4 _aThe Green reader :
_bessays toward a sustainable society /
_cedited by Andrew Dobson ; foreword by David Gancher.
260 _aSan Francisco :
_bMercury House,
_c1991.
300 _axii, 280 p. ;
_c22 cm.
504 _aIncludes bibliographical references and index.
650 0 _aGreen movement.
_94995
650 0 _aEconomic development
_xEnvironmental aspects.
_94996
650 0 _aSustainable development.
_94997
700 1 _aDobson, Andrew.
_94998
906 _a7
_bcbc
_corignew
_d1
_eocip
_f19
_gy-gencatlg
942 _2lcc
_cMONOGRAPH
999 _c119037
_d119037